000 00435nam a2200181Ia 4500
003 OSt
005 20230603120635.0
008 210423s2007 xx 000 0 und d
040 _cAL
041 _aeng
082 _a303.484
_223
_bSINS
100 _aSINGH (M P).
_9119272
245 _aSocial movement.
260 _aNew Delhi
_bAnmol Publications
_c2007
365 _b900
_cINR
906 _amovement. ; Social
942 _2ddc
_cBK
999 _c174840
_d174840